000 01794nam a22002537a 4500
003 Uzh_bibl
008 260423b |||||||| |||| 00| 0 ukr d
020 _a978-617-7407-00-2
_c112.24
040 _bукр.
041 _2ukr
_aukr
080 _a94(477)
090 _a94(477)
_bБ61
100 _aБілокінь,Сергій
245 _aМасовий терор як засіб державного управління в СРСР (1917–1941 рр.)
_hТекст
260 _aКиїв
_bУкраїнські пропілеї
_c2016
300 _a2016
_fВ опр.
520 _aВидання викриває та демонструє на загал засоби й механізми більшовицького терору в період Розстріляного відродження та боротьби за самостійність України. Це історія нерівного, драматичного і навіть трагічного протистояння інтелектуальних еліт і представників радянської держави та правлячої партії, які прагнули підпорядкувати або ж знищити все, над чим не мали контролю, — мистецтво, науку, пам’ятки історії — увесь культурний світ разом з його творцями й захисниками.
521 _aДля широкого кола читачів
546 _aукр.
650 _aНауково-публіцистичне видання
653 _aБільшовики
_aВідродження
_aСамостійність
655 _vДжерелознавче дослідження
942 _2udc
_cBK
999 _c17505
_d17505